[Event "Lansing (MOR/7/19)"]
[Site "?"]
[Date "1997.??.??"]
[Round "?"]
[White "Haygood, Norman"]
[Black "Venia, A."]
[Result "1-0"]
[WhiteElo "1605"]
[BlackElo "1605"]
[PlyCount "95"]
[EventDate "1997.??.??"]

{7/(19)} 1. e4 e5 2. Nf3 Nc6 3. d4 exd4 4. Nxd4 Bc5 5. Nb3 Bb6 6. c4 d6 7. Be2
Nf6 8. Nc3 O-O 9. O-O Bd7 10. Bf4 Qe7 11. Bg5 Qe5 12. Bxf6 Qxf6 13. c5 Ba5 14.
Nxa5 Nxa5 15. cxd6 cxd6 16. Qd2 Qg6 17. Kh1 f5 18. e5 Rad8 19. Nd5 Nc6 20. Bb5
Qe6 21. exd6 Qxd6 22. Rad1 Ne5 23. Bxd7 Rxd7 24. Qc2 Ng4 25. g3 Rfd8 26. Qxf5
Nf6 27. Nxf6+ Qxf6 28. Qxf6 gxf6 29. Rxd7 Rxd7 30. Kg2 Rd2 31. Rb1 Kf7 32. a4
b5 33. axb5 Rd5 34. Ra1 Rxb5 35. Rxa7+ Kg6 36. Ra2 Kf5 37. Kf3 Rb3+ 38. Ke2 Kg4
39. h4 f5 40. Kd2 f4 41. gxf4 Kxh4 42. Kc2 Rf3 43. b4 Rxf2+ 44. Kb3 Rxf4 45.
Rh2+ Kg4 46. Rxh7 Rf3+ 47. Ka4 Kg5 48. b5 1-0

[Event "Lansing (MOR/6/30)"]
[Site "?"]
[Date "1997.??.??"]
[Round "?"]
[White "Haygood, Norman"]
[Black "Van Den Abell, Tom"]
[Result "1-0"]
[WhiteElo "1605"]
[BlackElo "1605"]
[PlyCount "67"]
[EventDate "1997.??.??"]

{6/(30)} 1. e4 e6 2. c4 c5 3. Nf3 Nc6 4. d4 Nxd4 5. Nxd4 cxd4 6. Qxd4 Qc7 7.
Be3 Bc5 8. Qxc5 Qxc5 9. Bxc5 b6 10. Bd6 Nf6 11. Nc3 Bb7 12. f3 Rc8 13. Nb5 a6
14. Nc7+ Kd8 15. Rc1 h5 16. e5 Ng8 17. Bd3 f6 18. Be4 Bxe4 19. fxe4 Rh6 20.
Nxa6 Rg6 21. O-O Rg4 22. Rfe1 h4 23. h3 Rg5 24. Rf1 f5 25. exf5 exf5 26. c5 b5
27. Nb4 g6 28. Nd5 Rh5 29. Rf3 Rh7 30. Rfc3 Ra8 31. a3 g5 32. c6 Ke8 33. Nc7+
Kf7 34. Nxa8 1-0

[Event "Lansing (MOR/2/12)"]
[Site "?"]
[Date "1997.??.??"]
[Round "?"]
[White "Haygood, Norman"]
[Black "Sundeen, David"]
[Result "0-1"]
[WhiteElo "1605"]
[BlackElo "1700"]
[PlyCount "120"]
[EventDate "1997.??.??"]

{2/(12)} 1. e4 e5 2. Nf3 Nf6 3. Nxe5 d6 4. Nf3 Nxe4 5. d4 d5 6. Bd3 Be7 7. h3
Nc6 8. a3 Be6 9. O-O O-O 10. Bf4 Qd7 11. Ne5 Nxe5 12. Bxe5 Bd6 13. Bxe4 Bxe5
14. Bxh7+ Kxh7 15. Qh5+ Kg8 16. Qxe5 Rae8 17. Qg3 c6 18. Nd2 Bf5 19. c3 Re2 20.
Nf3 Rfe8 21. b4 Rc2 22. Ne5 Qd6 23. Rfc1 f6 24. Rxc2 Bxc2 25. Nf3 Qxg3 26. fxg3
Re3 27. Rc1 Bd3 28. Kf2 Re2+ 29. Kg1 Ra2 30. Ne1 Be4 31. c4 Rxa3 32. cxd5 Bxd5
33. Nf3 Bxf3 34. gxf3 Rxf3 35. Kg2 Rd3 36. Rc4 a6 37. Kf2 Kf7 38. h4 Ke6 39. g4
Kd5 40. Rc2 Rxd4 41. Kf3 Rxb4 42. Rd2+ Rd4 43. Rb2 b5 44. Ra2 Ra4 45. Rd2+ Ke6
46. Re2+ Kd6 47. Rd2+ Kc7 48. Re2 Rd4 49. Re7+ Rd7 50. Re6 a5 51. Kf4 a4 52.
Re1 a3 53. Rb1 Rd4+ 54. Kf5 b4 55. Ra1 c5 56. h5 c4 57. g5 fxg5 58. Kxg5 c3 59.
Kg6 c2 60. Kxg7 Rd1 0-1

[Event "Lansing (MOR/4/28)"]
[Site "?"]
[Date "1997.??.??"]
[Round "?"]
[White "Haygood, Norman"]
[Black "Menczer, David"]
[Result "1-0"]
[WhiteElo "1605"]
[BlackElo "1605"]
[PlyCount "64"]
[EventDate "1997.??.??"]

{4/(28)} 1. e4 c5 2. Nf3 d6 3. d4 cxd4 4. Nxd4 Nc6 5. c4 Nf6 6. Nc3 Qb6 7. Be3
Qxb2 8. Ndb5 Qb4 9. Bd2 Qa5 10. Nd5 Qd8 11. Nbc7+ Kd7 12. Nxa8 e6 13. Nxf6+
Qxf6 14. Be2 b6 15. O-O Be7 16. Be3 Bd8 17. c5 bxc5 18. Bxc5 Qe7 19. Rb1 Ke8
20. Bxd6 Qg5 21. Nc7+ Bxc7 22. Bxc7 e5 23. Qd6 Qf6 24. Qxf6 gxf6 25. Bb5 Bd7
26. Bxc6 Bxc6 27. Rb8+ Kd7 28. Rxh8 Kxc7 29. f3 Bb5 30. Rc1+ Kd7 31. Rxh7 a6
32. Rxf7+ Ke6 {[Remainder of scoresheet illegible]} 1-0

[Event "Lansing (MOR/3/22)"]
[Site "?"]
[Date "1997.??.??"]
[Round "?"]
[White "Hayes, P."]
[Black "Smeckert, Dennis"]
[Result "1-0"]
[WhiteElo "1610"]
[BlackElo "1605"]
[PlyCount "47"]
[EventDate "1997.??.??"]

{3/(22)} 1. e4 e5 2. Nf3 Nc6 3. Nc3 Nf6 4. a3 d6 5. d3 Be7 6. Be2 Be6 7. b4 a6
8. Bb2 O-O 9. O-O Qd7 10. Re1 Ne8 11. Nd5 f5 12. c4 f4 13. d4 Bg4 14. dxe5 Bxf3
15. Nxe7+ Qxe7 16. exd6 Nxd6 17. Bxf3 Rad8 18. Qb3 Ne5 19. c5+ Ndf7 20. Bxe5
Qxe5 21. Rad1 Rxd1 22. Rxd1 Kh8 23. Qxf7 Rxf7 24. Rd8+ 1-0

[Event "Lansing (MOR/5/11)"]
[Site "?"]
[Date "1997.??.??"]
[Round "?"]
[White "Hayes, P."]
[Black "Ryskamp, John"]
[Result "0-1"]
[WhiteElo "1610"]
[BlackElo "1605"]
[PlyCount "69"]
[EventDate "1997.??.??"]

{5/(11)} 1. e4 e6 2. d4 d5 3. Nd2 Nf6 4. e5 Ne4 5. Nxe4 dxe4 6. c3 c5 7. Ne2
Nc6 8. Be3 cxd4 9. cxd4 Bb4+ 10. Nc3 Qa5 11. Qd2 O-O 12. a3 Bxc3 13. bxc3 Rd8
14. Be2 Nxe5 15. O-O Nc6 16. Qc2 Bd7 17. Rfb1 Qc7 18. Qxe4 Na5 19. Bd2 Bc6 20.
Qg4 Bd5 21. Rb4 Nb3 22. Bg5 Nxa1 23. Bxd8 Rxd8 24. c4 a5 25. Rb1 Bxc4 26. Rxa1
Bxe2 27. Qxe2 Rxd4 28. Qb5 Qd7 29. Qe2 Rd2 30. Qf1 h6 31. Qe1 Qd4 32. Rc1 Rd3
33. Kf1 Rxa3 34. Rd1 Rd3 35. Rxd3 0-1

[Event "Lansing (MOR/7/22)"]
[Site "?"]
[Date "1997.??.??"]
[Round "?"]
[White "Hayes, P."]
[Black "Mitchell, Dave"]
[Result "1-0"]
[WhiteElo "1610"]
[BlackElo "1605"]
[PlyCount "63"]
[EventDate "1997.??.??"]

{7/(22)} 1. e4 d6 2. Nf3 Nf6 3. Nc3 c6 4. d4 Bg4 5. h3 Bh5 6. Be2 Qa5 7. Bd2 e6
8. O-O Be7 9. e5 dxe5 10. dxe5 Nfd7 11. Nb5 Qd8 12. Nd6+ Bxd6 13. exd6 O-O 14.
Bc3 Nf6 15. Re1 Nd5 16. Be5 Nd7 17. c4 Bxf3 18. Bxf3 Nxe5 19. Rxe5 Nf6 20. c5
Nd5 21. Qd2 Qf6 22. Rae1 Rad8 23. Bxd5 exd5 24. Re7 Rb8 25. d7 Rbd8 26. Qe2 g6
27. Re8 Kg7 28. Rxf8 Kxf8 29. Qe8+ Rxe8 30. dxe8=Q+ Kg7 31. b4 Qb2 32. Qe5+ 1-0

[Event "Lansing (MOR/1b/13)"]
[Site "?"]
[Date "1997.??.??"]
[Round "?"]
[White "Hayes, P."]
[Black "Briggs, S."]
[Result "1-0"]
[WhiteElo "1610"]
[BlackElo "1605"]
[PlyCount "55"]
[EventDate "1997.??.??"]

1. e4 c5 2. Nf3 Nc6 3. d4 cxd4 4. Nxd4 e5 5. Nf3 Nf6 6. Nc3 Bb4 7. Bd3 h6 8.
Bd2 d6 9. a3 Bc5 10. Na4 Bb6 11. h3 Be6 12. b4 a6 13. Nxb6 Qxb6 14. Be3 Qc7 15.
Qd2 Rd8 16. c4 b5 17. cxb5 axb5 18. Bxb5 Nxe4 19. Qc2 Bd5 20. Rd1 Nf6 21. Rxd5
Rc8 22. Rd1 O-O 23. Rc1 Rfd8 24. Qxc6 Qxc6 25. Rxc6 Rxc6 26. Bxc6 Rc8 27. b5 g5
28. a4 1-0

[Event "Kalamazoo (MI Am/1/1)"]
[Site "?"]
[Date "1997.??.??"]
[Round "?"]
[White "Hater, David"]
[Black "Moulter, Art"]
[Result "1-0"]
[WhiteElo "1970"]
[BlackElo "1605"]
[PlyCount "59"]
[EventDate "1997.??.??"]

{1/(1)} 1. e4 e5 2. Nf3 Nc6 3. d4 exd4 4. Bc4 h6 5. O-O Bc5 6. c3 Nf6 7. cxd4
Nxd4 8. Nxd4 Nxe4 9. Nb3 O-O 10. Nxc5 Nxc5 11. Nc3 d6 12. Be3 Ne6 13. f4 f5 14.
Re1 Bd7 15. Qb3 Qc8 16. Re2 Kh8 17. Rae1 Rf7 18. Bf2 c5 19. Bxe6 Bxe6 20. Qxe6
Qxe6 21. Rxe6 Rd8 22. Nd5 b5 23. Bh4 Rb8 24. Rxd6 Kh7 25. Re7 Rxe7 26. Bxe7 b4
27. Rd7 a5 28. Bxc5 Rc8 29. Bd4 Rg8 30. Nf6+ 1-0

[Event "Kalamazoo (MI Am/5/2)"]
[Site "?"]
[Date "1997.??.??"]
[Round "?"]
[White "Hater, David"]
[Black "Hill, Brad"]
[Result "0-1"]
[WhiteElo "1970"]
[BlackElo "1700"]
[PlyCount "68"]
[EventDate "1997.??.??"]

{5/(2)} 1. e4 c5 2. Nf3 Nc6 3. Be2 d6 4. c3 g6 5. d4 cxd4 6. cxd4 Bg7 7. Nc3
Nf6 8. h3 a6 9. O-O b5 10. a3 O-O 11. Be3 Bb7 12. Qd2 Na5 13. d5 Nb3 14. Qd3
Nxa1 15. Rxa1 Nd7 16. Bd4 Bxd4 17. Nxd4 Qb6 18. Rd1 Rfc8 19. Bg4 Ne5 20. Qg3
Rc4 21. Nce2 Nxg4 22. hxg4 Rac8 23. Rd3 Qd8 24. g5 Qf8 25. f4 Qg7 26. Qh4 e5
27. f5 exd4 28. f6 Qf8 29. Nf4 Rc1+ 30. Kh2 Re8 31. Rh3 h6 32. gxh6 Kh7 33. Nd3
Rf1 34. g4 Rxe4 0-1

[Event "Kalamazoo (MI Am/3/1)"]
[Site "?"]
[Date "1997.??.??"]
[Round "?"]
[White "Hater, David"]
[Black "DeRyke, S."]
[Result "1/2-1/2"]
[WhiteElo "1970"]
[BlackElo "1800"]
[PlyCount "110"]
[EventDate "1997.??.??"]

{3/(1)} 1. e4 e5 2. Nf3 Nc6 3. d4 exd4 4. Bc4 Bc5 5. O-O d6 6. c3 Ne5 7. cxd4
Nxc4 8. Qa4+ Bd7 9. Qxc4 Bb6 10. Nc3 Ne7 11. Bg5 O-O 12. Nd5 Be6 13. Bxe7 Bxd5
14. Qxd5 Qxe7 15. Qxb7 Rae8 16. Rfe1 Qf6 17. Qd5 c6 18. Qc4 d5 19. exd5 cxd5
20. Qxd5 Rd8 21. Qe5 Bxd4 22. Nxd4 Qxe5 23. Rxe5 Rxd4 24. Re7 Rd2 25. b4 Rb2
26. Rxa7 Rxb4 27. Rc1 Rfb8 28. Kf1 Rb1 29. Rxb1 Rxb1+ 30. Ke2 f6 31. a4 Ra1 32.
a5 Ra3 33. a6 h5 34. h4 Kh7 35. f3 Kh6 36. Ra8 Ra2+ 37. Kd3 Kg6 38. a7 Kf5 39.
Kc4 Kf4 40. Kb5 Kg3 41. Kb6 Kxh4 42. Rg8 g5 43. a8=Q Rxa8 44. Rxa8 Kg3 45. Ra2
f5 46. Kc5 g4 47. fxg4 fxg4 48. Kd4 h4 49. Ke3 h3 50. gxh3 gxh3 51. Ra8 Kg2 52.
Rg8+ Kf1 53. Rh8 Kg2 54. Ke2 h2 55. Rxh2+ Kxh2 1/2-1/2

[Event "Tecumseh (RVO/4/1)"]
[Site "?"]
[Date "1997.??.??"]
[Round "?"]
[White "Hartwig, Thomas"]
[Black "Tsemekhman, Vadim"]
[Result "1-0"]
[WhiteElo "1945"]
[BlackElo "2505"]
[PlyCount "123"]
[EventDate "1997.??.??"]

{4/(1)} 1. e4 c6 2. d4 d5 3. Nc3 g6 4. e5 h5 5. h3 Bg7 6. Nf3 Nh6 7. Bg5 Nf5 8.
Qd2 f6 9. Bf4 g5 10. exf6 exf6 11. Bh2 Qe7+ 12. Be2 g4 13. Ng1 Kf7 14. Bf4 Nh4
15. Kf1 Bf5 16. Re1 Qd7 17. hxg4 hxg4 18. g3 Nf3 19. Bxf3 gxf3 20. Rxh8 Bxh8
21. Nxf3 Na6 22. Nd1 Be4 23. Ng1 Bg7 24. f3 Bg6 25. Nf2 Rh8 26. Ng4 Nc7 27. Bh6
Ne6 28. Re2 Bf5 29. Bxg7 Kxg7 30. Rh2 Rxh2 31. Nxh2 c5 32. dxc5 d4 33. Ne2 Qb5
34. b4 Qc4 35. c3 d3 36. Nf4 Nxf4 37. gxf4 a5 38. Ke1 a4 39. Ng4 a3 40. Kd1
Bxg4 41. fxg4 Qe4 42. Qh2 Qf3+ 43. Kd2 Qxg4 44. Kxd3 Qd1+ 45. Kc4 Qb1 46. Qe2
Kh6 47. Kb5 Qb2 48. Qc4 Qg2 49. Qe6 Qf1+ 50. Qc4 Qg2 51. c6 bxc6+ 52. Qxc6 Qxa2
53. Qxf6+ Kh7 54. Qf5+ Kg7 55. Qe5+ Kf8 56. f5 Qf7 57. Qh8+ Qg8 58. Qh1 a2 59.
Qa8+ Kg7 60. f6+ Kxf6 61. Qxg8 a1=Q 62. c4 {[Remainder of score unavailable]}
1-0

[Event "Tecumseh (RVO/2/5)"]
[Site "?"]
[Date "1997.??.??"]
[Round "?"]
[White "Hartwig, Thomas"]
[Black "McNeil, Yaking"]
[Result "1-0"]
[WhiteElo "1945"]
[BlackElo "1605"]
[PlyCount "95"]
[EventDate "1997.??.??"]

{2/(5)} 1. e4 c5 2. Nf3 Nc6 3. d4 cxd4 4. Nxd4 e5 5. Nb5 a6 6. Nd6+ Bxd6 7.
Qxd6 Qf6 8. Qxf6 Nxf6 9. Nc3 d5 10. exd5 Nb4 11. Bd3 Nfxd5 12. Nxd5 Nxd5 13.
Bd2 O-O 14. O-O f5 15. Rad1 Be6 16. Rfe1 e4 17. Bc4 Rac8 18. Bb3 Rfd8 19. Bg5
Rd7 20. f3 h6 21. Bc1 Bf7 22. fxe4 fxe4 23. Rxe4 Nf6 24. Rxd7 Bxb3 25. axb3
Nxe4 26. c3 b5 27. b4 Rf8 28. Be3 Ra8 29. Bd4 g5 30. Rg7+ Kf8 31. Rh7 Re8 32.
Rxh6 Nd2 33. Rh8+ Kf7 34. Rxe8 Kxe8 35. Kf2 Nc4 36. b3 Nd2 37. Kg3 Nxb3 38. Be3
Kd7 39. Bxg5 Kc6 40. h4 Nd4 41. cxd4 a5 42. bxa5 b4 43. d5+ Kxd5 44. h5 b3 45.
Bf6 Ke6 46. Bb2 Kf5 47. a6 Kg5 48. a7 1-0

[Event "Lansing (MI Op/4/5)"]
[Site "?"]
[Date "1997.??.??"]
[Round "?"]
[White "Hartwig, Thomas"]
[Black "Kamberi, Sonny"]
[Result "1/2-1/2"]
[WhiteElo "1850"]
[BlackElo "2340"]
[PlyCount "85"]
[EventDate "1997.??.??"]

{4/(5)} 1. e4 e5 2. Nf3 Nf6 3. Nc3 Nc6 4. Bb5 Nd4 5. Ba4 Bc5 6. O-O O-O 7. Nxe5
d6 8. Nf3 Bg4 9. d3 Nh5 10. Be3 Nxf3+ 11. gxf3 Bh3 12. d4 Bxf1 13. Qxf1 Bb6 14.
Ne2 Qh4 15. Ng3 g6 16. Qg2 Nf4 17. Bxf4 Qxf4 18. Rd1 c6 19. Ne2 Qh4 20. f4 Rfe8
21. Qf3 Re7 22. c3 Rae8 23. Ng3 h5 24. f5 Qg5 25. Kh1 h4 26. Ne2 Rxe4 27. fxg6
fxg6 28. Rg1 Qh6 29. Bc2 R4e6 30. Nf4 Rf8 31. Qh3 Re1 32. Rxe1 Qxf4 33. Rg1 Rf6
34. Bxg6 Kh8 35. Rg4 Qf3+ 36. Qxf3 Rxf3 37. Kg1 Bd8 38. Kg2 Rf8 39. f4 Kg7 40.
f5 Rh8 41. d5 c5 42. Re4 Bf6 43. Re8 1/2-1/2

[Event "Tecumseh (RVO/5/1)"]
[Site "?"]
[Date "1997.??.??"]
[Round "?"]
[White "Hartwig, Thomas"]
[Black "Kamberi, Sonny"]
[Result "1/2-1/2"]
[WhiteElo "1945"]
[BlackElo "2340"]
[PlyCount "25"]
[EventDate "1997.??.??"]

{5/(1)} 1. e4 e5 2. Nf3 Nf6 3. d4 Nxe4 4. Nxe5 d6 5. Nf3 d5 6. Bd3 Be7 7. O-O
Nc6 8. Re1 Bg4 9. c3 f5 10. Nbd2 O-O 11. Qb3 Kh8 12. Qxb7 Rf6 13. Qb3 {
[Remainder of scoresheet illegible]} 1/2-1/2

[Event "Lansing (MI Op/2/8)"]
[Site "?"]
[Date "1997.??.??"]
[Round "?"]
[White "Hartwig, Thomas"]
[Black "Finegold, Ron"]
[Result "1-0"]
[WhiteElo "1850"]
[BlackElo "2170"]
[PlyCount "71"]
[EventDate "1997.??.??"]

{2/(8)} 1. e4 e6 2. d4 d5 3. Nc3 Bb4 4. e5 c5 5. a3 Ba5 6. b4 cxb4 7. Nb5 Ne7
8. Nd6+ Kd7 9. Nxf7 Qb6 10. Nxh8 b3+ 11. Bd2 bxc2 12. Qc1 Bxd2+ 13. Qxd2 Qb1+
14. Qc1 Qb3 15. Kd2 Nbc6 16. Nf3 Nf5 17. Qxc2 Nfxd4 18. Nxd4 Nxd4 19. Qxb3
Nxb3+ 20. Kc3 Nxa1 21. Nf7 Ke7 22. Nd6 Bd7 23. Bd3 Rf8 24. f3 Nb3 25. Kxb3 Rf4
26. Bxh7 Rd4 27. Kc3 Ra4 28. Kb2 Rd4 29. Rc1 Rh4 30. Bd3 Rxh2 31. Rc2 Rh5 32.
f4 g5 33. f5 exf5 34. Bxf5 Bxf5 35. Nxf5+ Kd7 36. e6+ 1-0

[Event "Lansing (MI Op/6/7)"]
[Site "?"]
[Date "1997.??.??"]
[Round "?"]
[White "Hartwig, Thomas"]
[Black "Arganian, David G"]
[Result "1/2-1/2"]
[WhiteElo "1850"]
[BlackElo "2110"]
[PlyCount "167"]
[EventDate "1997.??.??"]

{6/(7)} 1. e4 c5 2. Nf3 d6 3. d4 cxd4 4. Nxd4 Nf6 5. Nc3 e6 6. g4 h6 7. g5 hxg5
8. Bxg5 Nc6 9. Qd2 Qb6 10. Nb3 a6 11. O-O-O Bd7 12. f4 O-O-O 13. Bg2 Be7 14.
Bf3 Na5 15. Nxa5 Qxa5 16. Kb1 Kb8 17. e5 dxe5 18. fxe5 Bc6 19. Qg2 Bxf3 20.
Qxf3 Bb4 21. exf6 Bxc3 22. Qxc3 Qxg5 23. fxg7 Rxd1+ 24. Rxd1 Rg8 25. h4 Qxg7
26. Qxg7 Rxg7 27. Rh1 Rh7 28. Kc1 Rh5 29. Kd2 e5 30. Kd3 f5 31. Kc4 e4 32. Kd4
Kc7 33. Ke5 e3 34. Kf4 e2 35. Re1 Rxh4+ 36. Kxf5 Rh2 37. Ke4 Kc6 38. Kd3 Rh3+
39. Kxe2 Rh2+ 40. Kd3 Rh3+ 41. Re3 Rh2 42. b3 Rh5 43. a4 Rd5+ 44. Ke4 Rc5 45.
c3 a5 46. c4 b6 47. Kd4 Rh5 48. Re6+ Kb7 49. Re5 Rh3 50. Rb5 Ka6 51. c5 bxc5+
52. Kxc5 Rh5+ 53. Kc6 Rh6+ 54. Kd7 Rh7+ 55. Ke6 Rh6+ 56. Kf7 Rh7+ 57. Kg6 Rh3
58. Kg5 Rd3 59. Kf4 Rh3 60. Ke4 Rg3 61. Kd4 Rh3 62. Kc4 Rh4+ 63. Kc3 Rh3+ 64.
Kb2 Rh2+ 65. Ka3 Rg2 66. Rd5 Rh2 67. Rd6+ Kb7 68. Rd3 Ka6 69. Rd1 Rg2 70. Rb1
Rh2 71. Rb2 Rh1 72. Rd2 Rh3 73. Kb2 Rg3 74. Kc2 Rh3 75. Rd3 Rh1 76. Kc3 Rb1 77.
Kc4 Rb2 78. Rc3 Rb1 79. Kc5 Rb2 80. Kc6 Rb1 81. Kc7 Rb2 82. Kb8 Kb6 83. Rh3 Rb1
84. Rh6+ 1/2-1/2

[Event "Lansing (MI Op/6/17)"]
[Site "?"]
[Date "1997.??.??"]
[Round "?"]
[White "Haluska, James"]
[Black "Solon, Nathan"]
[Result "0-1"]
[WhiteElo "2080"]
[BlackElo "1870"]
[PlyCount "48"]
[EventDate "1997.??.??"]

{6/(17)} 1. d4 Nf6 2. c4 c5 3. d5 b5 4. cxb5 a6 5. bxa6 g6 6. g3 d6 7. Bg2 Bg7
8. Nf3 O-O 9. Nc3 Bxa6 10. O-O Nbd7 11. Re1 Qa5 12. Nd2 Rfb8 13. Nb3 Qb6 14. h3
Ra7 15. Qd2 Bc4 16. Rb1 Bxb3 17. axb3 Qxb3 18. Qd1 Qxd1 19. Nxd1 Rab7 20. Ne3
Ne8 21. Nc4 Rb5 22. Rd1 Nb6 23. Nxb6 R5xb6 24. Rd2 c4 0-1

[Event "Lansing (MI Op/5/13)"]
[Site "?"]
[Date "1997.??.??"]
[Round "?"]
[White "Haluska, James"]
[Black "Randall, Paul"]
[Result "0-1"]
[WhiteElo "2080"]
[BlackElo "1940"]
[PlyCount "48"]
[EventDate "1997.??.??"]

{5/(13)} 1. d4 Nf6 2. c4 g6 3. Nc3 Bg7 4. e4 d6 5. f3 O-O 6. Be3 e5 7. d5 c6 8.
Qd2 cxd5 9. cxd5 Nbd7 10. Bd3 a6 11. Nge2 b5 12. O-O Nb6 13. Rac1 Bd7 14. a3
Rc8 15. Na2 Nc4 16. Bxc4 bxc4 17. Nec3 Nh5 18. g3 Bh3 19. Rfd1 f5 20. Bf2 f4
21. Qe2 Qg5 22. g4 Nf6 23. Kh1 h5 24. gxh5 Qg2# 0-1

[Event "Lansing (MI Op/2/20)"]
[Site "?"]
[Date "1997.??.??"]
[Round "?"]
[White "Haluska, James"]
[Black "Arganian, David H"]
[Result "1-0"]
[WhiteElo "2080"]
[BlackElo "1860"]
[PlyCount "85"]
[EventDate "1997.??.??"]

{2/(20)} 1. d4 Nf6 2. c4 g6 3. Nc3 d5 4. cxd5 Nxd5 5. e4 Nxc3 6. bxc3 Bg7 7.
Bc4 c5 8. Ne2 O-O 9. O-O Nc6 10. Be3 Qc7 11. Rc1 Rd8 12. Qc2 Na5 13. Bb3 c4 14.
Ba4 a6 15. Qb1 b5 16. Bc2 Bb7 17. Rcd1 e6 18. Ng3 f5 19. f4 h5 20. Nh1 Rf8 21.
Nf2 Rad8 22. Nh3 Qe7 23. Ng5 Bf6 24. Nf3 Qc7 25. Bd2 Nc6 26. Rde1 Ne7 27. Ne5
Kh7 28. Re2 Kg7 29. Rf3 h4 30. g4 Bxe5 31. fxe5 fxg4 32. Rf6 Rxf6 33. exf6+
Kxf6 34. Rf2+ Kg7 35. Qf1 Ng8 36. Bf4 Qc8 37. Be5+ Kh6 38. Rf7 Rd7 39. Rf4 Kh5
40. Rxg4 Qd8 41. Bd1 g5 42. Rf4+ Kg6 43. Rf8 1-0

[Event "Lansing (MOR/4/51)"]
[Site "?"]
[Date "1997.??.??"]
[Round "?"]
[White "Hall, E."]
[Black "Stark, A."]
[Result "1/2-1/2"]
[WhiteElo "1605"]
[BlackElo "1605"]
[PlyCount "46"]
[EventDate "1997.??.??"]

{4/(51)} 1. e4 e5 2. Nf3 Nc6 3. Bc4 Bb4 4. Nc3 d6 5. d3 Bg4 6. Bd2 Nf6 7. h3
Bh5 8. g4 Bg6 9. Bg5 O-O 10. Qd2 h6 11. h4 Bxc3 12. Qxc3 hxg5 13. hxg5 Nxg4 14.
Rh4 Qd7 15. O-O-O Nxf2 16. Rf1 Nxd3+ 17. cxd3 Ne7 18. Rfh1 Bh5 19. Rxh5 Ng6 20.
Nxe5 dxe5 21. Qxe5 Qd6 22. d4 Qxe5 23. dxe5 Rae8 1/2-1/2

[Event "Lansing (MOR/7/44)"]
[Site "?"]
[Date "1997.??.??"]
[Round "?"]
[White "Hall, E."]
[Black "Hill, R."]
[Result "0-1"]
[WhiteElo "1605"]
[BlackElo "1605"]
[PlyCount "66"]
[EventDate "1997.??.??"]

{7/(44)} 1. Nf3 c5 2. e4 Nc6 3. Nc3 d6 4. Bc4 e6 5. d3 Nge7 6. b3 g6 7. O-O Bg7
8. Bb2 d5 9. exd5 exd5 10. Nxd5 Nxd5 11. Bxd5 Bxb2 12. Qe1+ Ne7 13. Rb1 Bd4 14.
Bxf7+ Kxf7 15. Nxd4 cxd4 16. Qe5 Rg8 17. Rfe1 Re8 18. Qf4+ Kg8 19. Qf6 Rf8 20.
Qh4 b5 21. Re5 Qa5 22. Rbe1 Qd2 23. Rxe7 h5 24. R7e2 Qb4 25. Re8 Qd6 26. Qe7
Qf4 27. Rf1 Rb8 28. g3 Qf3 29. Rxf8+ Qxf8 30. Re1 Qf3 31. Qc7 Bb7 32. Kf1 Rf8
33. Re2 Qh1# 0-1

[Event "Lansing (MOR/1a/20)"]
[Site "?"]
[Date "1997.??.??"]
[Round "?"]
[White "Hall, E."]
[Black "Bedy, N."]
[Result "0-1"]
[WhiteElo "1605"]
[BlackElo "1605"]
[PlyCount "58"]
[EventDate "1997.??.??"]

1. e4 d5 2. Nc3 d4 3. Nd5 e5 4. d3 Be6 5. f3 Bxd5 6. exd5 Qxd5 7. Qe2 Nc6 8.
Bd2 O-O-O 9. O-O-O Qxa2 10. c3 dxc3 11. Bxc3 f6 12. d4 Bb4 13. Qc4 Qxc4 14.
Bxc4 Bxc3 15. bxc3 exd4 16. cxd4 Nxd4 17. Ne2 Nxe2+ 18. Bxe2 Rxd1+ 19. Rxd1 Ne7
20. f4 Rd8 21. Bg4+ f5 22. Bf3 Rxd1+ 23. Bxd1 c5 24. h4 g6 25. g4 Kc7 26. gxf5
Nxf5 27. Kc2 Nxh4 28. Kc3 b5 29. Bf3 Nxf3 0-1

[Event "Kalamazoo (MI Am/5/11)"]
[Site "?"]
[Date "1997.??.??"]
[Round "?"]
[White "Grzegorczyk, Ron"]
[Black "Semerciyan, Mike"]
[Result "0-1"]
[WhiteElo "1640"]
[BlackElo "1900"]
[PlyCount "120"]
[EventDate "1997.??.??"]

{5/(11)} 1. e4 e6 2. b3 d5 3. exd5 exd5 4. d4 Bd6 5. Nf3 Nf6 6. Be2 O-O 7. O-O
Re8 8. Bb2 c6 9. Nbd2 h6 10. Ne5 Bf5 11. f4 Nbd7 12. g4 Bh7 13. Rf2 Ne4 14.
Nxe4 Bxe4 15. Bf3 Nf6 16. g5 Bxf3 17. Qxf3 Ne4 18. Rg2 hxg5 19. fxg5 Bxe5 20.
dxe5 Re6 21. Rf1 Qe8 22. h4 Rd8 23. h5 Rd7 24. h6 gxh6 25. gxh6+ Rg6 26. Rxg6+
fxg6 27. h7+ Rxh7 28. e6 Nd2 29. Qf7+ Rxf7 30. exf7+ Qxf7 31. Rxf7 Kxf7 32. Kf2
Ne4+ 33. Ke3 Nd6 34. Kf4 b5 35. Ke5 Nf5 36. c3 a6 37. a4 bxa4 38. bxa4 Ne3 39.
Bc1 Nc4+ 40. Kd4 Ke6 41. Kc5 Kd7 42. Bg5 Kc7 43. Bf4+ Kb7 44. Bc1 a5 45. Kd4
Nb6 46. Bd2 Nc4 47. Bc1 Kc7 48. Bf4+ Kd7 49. Kc5 Nb2 50. Bd2 Nxa4+ 51. Kd4 Nb2
52. Kc5 Nc4 53. Bg5 a4 54. Kb4 a3 55. Kb3 Ke6 56. Bc1 Kf5 57. Bh6 g5 58. Bf8 g4
59. Bc5 g3 60. Bg1 Kf4 0-1

[Event "Lansing (MOR/4/5)"]
[Site "?"]
[Date "1997.??.??"]
[Round "?"]
[White "Grzegorczyk, Ron"]
[Black "Schell, Ken"]
[Result "1-0"]
[WhiteElo "1610"]
[BlackElo "1690"]
[PlyCount "101"]
[EventDate "1997.??.??"]

{4/(5)} 1. e4 d5 2. exd5 Nf6 3. Nc3 Nxd5 4. d4 Nc6 5. Nf3 Bg4 6. Be2 e6 7. O-O
Bd6 8. Nxd5 exd5 9. Bg5 f6 10. Be3 Qe7 11. Nd2 Bxe2 12. Qxe2 Nxd4 13. Qd3 Ne2+
14. Qxe2 d4 15. Rfe1 dxe3 16. Qxe3 Qxe3 17. Rxe3+ Kf7 18. Nc4 Rad8 19. Nxd6+
Rxd6 20. Rae1 Rhd8 21. Re7+ Kg6 22. Rxc7 Rd1 23. Kf1 R8d7 24. Rxd1 Rxc7 25. c3
Re7 26. f3 Kf5 27. Kf2 h5 28. g3 g5 29. h3 Kg6 30. c4 Rc7 31. Rd4 b5 32. cxb5
Rc2+ 33. Ke3 Rxb2 34. a4 Rb3+ 35. Rd3 Rb4 36. Rd4 Rb3+ 37. Rd3 Rb4 38. Ra3 Kf5
39. Kd3 h4 40. Kc3 hxg3 41. Kxb4 g2 42. Ra1 Kf4 43. a5 Kxf3 44. b6 axb6 45.
axb6 Kg3 46. b7 Kxh3 47. b8=Q g4 48. Qh8+ Kg3 49. Qxf6 Kh3 50. Qh6+ Kg3 51.
Qe3+ 1-0

[Event "Lansing (MOR/2/22)"]
[Site "?"]
[Date "1997.??.??"]
[Round "?"]
[White "Grzegorczyk, Ron"]
[Black "McNair, Shawn"]
[Result "1-0"]
[WhiteElo "1610"]
[BlackElo "1605"]
[PlyCount "104"]
[EventDate "1997.??.??"]

{2/(22)} 1. e4 c5 2. Nf3 e6 3. c4 Nc6 4. Nc3 d6 5. a3 Nf6 6. d3 a5 7. Be2 Be7
8. O-O O-O 9. h3 Bd7 10. Nb5 Qb8 11. Bg5 h6 12. Bf4 e5 13. Bh2 Na7 14. Nc3 Nc6
15. Qd2 Qc8 16. Nd5 Nxd5 17. cxd5 Nd4 18. Nxd4 exd4 19. f4 f5 20. e5 dxe5 21.
fxe5 Bg5 22. Bf4 Bxf4 23. Qxf4 g5 24. Qd2 f4 25. e6 Be8 26. Bf3 Bg6 27. Rae1
Qc7 28. Rf2 Rfe8 29. Qe2 Re7 30. Bh5 Be8 31. Bxe8 Raxe8 32. Qe4 Kg7 33. Rfe2
Rd8 34. Qf5 Rf8 35. Qg4 Kg6 36. Re5 Kh7 37. Rf5 Rg8 38. Ree5 Rgg7 39. Qh5 Qb8
40. Rxg5 Rxg5 41. Rxg5 Qf8 42. Qg6+ Kh8 43. Rf5 Qg7 44. Qxg7+ Kxg7 45. Rxf4 Kg6
46. Kf2 Kg5 47. Kf3 Kg6 48. Ke4 Kg7 49. Ke5 Kg8 50. d6 Rg7 51. d7 Rg5+ 52. Kd6
Kg7 1-0

[Event "Kalamazoo (MI Am/1/23)"]
[Site "?"]
[Date "1997.??.??"]
[Round "?"]
[White "Grzegorczyk, Ron"]
[Black "Kruer, M."]
[Result "1-0"]
[WhiteElo "1670"]
[BlackElo "1605"]
[PlyCount "51"]
[EventDate "1997.??.??"]

{1/(23)} 1. e4 e5 2. Nf3 Nc6 3. Bb5 a6 4. Ba4 Bc5 5. O-O Nf6 6. d3 h6 7. c3 d5
8. d4 exd4 9. cxd4 Bd6 10. e5 Bb4 11. exf6 Qxf6 12. Nc3 Bxc3 13. bxc3 O-O 14.
Bxc6 bxc6 15. Ne5 Re8 16. Qf3 Qxf3 17. Nxf3 Re6 18. Bf4 Ra7 19. Rfe1 Rg6 20.
Re8+ Kh7 21. Rxc8 Rb7 22. g3 Rf6 23. Kg2 Kg6 24. Rxc7 Rxc7 25. Bxc7 h5 26. Rb1
{[Black played the illegal 25...Kg5]} 1-0